WAR AND PEACE (Record no. 216655)

MARC details
000 -LEADER
fixed length control field 00402nam a22001577a 4500
008 - FIXED-LENGTH DATA ELEMENTS--GENERAL INFORMATION
fixed length control field 260225b |||||||| |||| 00| 0 eng d
020 ## - INTERNATIONAL STANDARD BOOK NUMBER
International Standard Book Number 978-1-85326-062-9
100 ## - MAIN ENTRY--PERSONAL NAME
Personal name TOLSTOY LEO
245 ## - TITLE STATEMENT
Title WAR AND PEACE
260 ## - PUBLICATION, DISTRIBUTION, ETC.
Place of publication, distribution, etc. LONDON
Name of publisher, distributor, etc. WORDSWORTH CLASSICS
Date of publication, distribution, etc. 2001
300 ## - PHYSICAL DESCRIPTION
Extent XXIX,993P.
500 ## - GENERAL NOTE
General note INCLUDES AN INDEX
650 ## - SUBJECT ADDED ENTRY
Topical term or geographic name entry element NAPOLEON 1- FICTION
942 ## - ADDED ENTRY ELEMENTS (KOHA)
Source of classification or shelving scheme Library of Congress Classification
Koha item type Long Loan Book
Holdings
Withdrawn status Lost status Source of classification or shelving scheme Damaged status Not for loan Collection Home library Current library Shelving location Date acquired Inventory number Total checkouts Full call number Barcode Date last seen Copy number Price effective from Koha item type
    Library of Congress Classification     Arts & Social Sciences Kisii University Library Kisii University Library On Display 02/25/2026 111580   PZ 3 .T65 2001 A000846 02/25/2026 C.1 02/25/2026 Long Loan Book
    Library of Congress Classification     Arts & Social Sciences Kisii University Library Kisii University Library On Display 02/25/2026 111581   PZ 3 .T65 2001 A000844 02/25/2026 C.2 02/25/2026 Long Loan Book
    Library of Congress Classification     Arts & Social Sciences Kisii University Library Kisii University Library On Display 02/25/2026 111582   PZ 3 .T65 2001 A000841 02/25/2026 C.3 02/25/2026 Long Loan Book
    Library of Congress Classification     Arts & Social Sciences Kisii University Library Kisii University Library On Display 02/25/2026 111583   PZ 3 .T65 2001 A000843 02/25/2026 C.4 02/25/2026 Long Loan Book